English Football Top 3 Teams - Statistics

General Stats
  • This quiz has been taken 60 times
  • The average score is 115 of 134
Answer Stats
Season 1st % Correct
1954-55 | 2004-05 | 2005-06 | +3 others Chelsea
100%
1900-01 | 1905-06 | 1921-22 | +16 others Liverpool
100%
1936-37 | 1967-68 | 2011-12 | +2 others Manchester City
100%
1907-08 | 1910-11 | 1951-52 | +17 others Manchester United
100%
1930-31 | 1932-33 | 1933-34 | +10 others Arsenal
98%
2015-16 Leicester City
98%
1950-51 | 1960-61 Tottenham Hotspur
96%
1904-05 | 1906-07 | 1908-09 | 1926-27 Newcastle United
92%
1893-94 | 1895-96 | 1896-97 | +4 others Aston Villa
88%
2018-19 West Ham United
88%
1977-78 Nottingham Forest
86%
1953-54 | 1957-58 | 1958-59 Wolverhampton Wanderers
86%
1890-91 | 1914-15 | 1927-28 | +6 others Everton
84%
1911-12 | 1913-14 | 1994-95 Blackburn Rovers
82%
1968-69 | 1973-74 | 1991-92 Leeds United
80%
1891-92 | 1892-93 | 1894-95 | +3 others Sunderland
76%
2021-22 Southampton
75%
Add ins Norwich City
71%
1897-98 Sheffield United
69%
1919-20 West Bromwich Albion
69%
1920-21 | 1959-60 Burnley
67%
Add ins Blackpool
65%
Add ins Crystal Palace
65%
1961-62 Ipswich Town
65%
2020-21 Queens Park Rangers
65%
1902-03 | 1903-04 | 1928-29 | 1929-30 Sheffield Wednesday
65%
1948-49 | 1949-50 Portsmouth
61%
Add ins Bolton Wanderers
57%
1971-72 | 1974-75 Derby County
57%
Add ins Middlesbrough
53%
1888-89 | 1889-90 Preston North End
53%
Add ins Watford
53%
1923-24 | 1924-25 | 1925-26 Huddersfield Town
49%
Add ins Cardiff City
45%
Add ins Charlton Athletic
43%
Add ins Bristol City
37%
Add ins Oldham Athletic
35%
Add ins Notts County
33%
No matching quizzes found
Score Distribution
Percent of People with Each Score
Percentile by Number Answered
Your Score History
You have not taken this quiz